|
|
|
|
| LEADER |
00918nam a2200289 4500 |
| 001 |
DLU090084332 |
| 005 |
##20091106 |
| 040 |
# |
# |
|a DLU
|b vie
|
| 041 |
# |
# |
|a vie
|
| 044 |
# |
# |
|a vn
|
| 100 |
# |
# |
|a Sái Tồng Tề.
|
| 245 |
# |
# |
|a Văn và sự xây dựng hệ thống lý luận trong Văn tâm điêu long /
|c Sái Tồng Tề, Tạ Hương Nhi, Tạ Thanh Huyền dịch
|
| 653 |
# |
# |
|a Lí luận phê bình
|
| 653 |
# |
# |
|a Lí luận văn học
|
| 653 |
# |
# |
|a Nhà phê bình
|
| 700 |
# |
# |
|a Tạ Hương Nhi,
|e dịch.
|
| 700 |
# |
# |
|a Tạ Thanh Huyền,
|e dịch.
|
| 773 |
# |
# |
|t Văn học nước ngoài
|g Số 1, 2008, tr. 136-171
|
| 920 |
# |
# |
|a Phòng Tạp chí -- Trung tâm Thông tin - Thư viện Trường Đại học Đà Lạt
|
| 994 |
# |
# |
|a DLU
|
| 900 |
# |
# |
|a True
|
| 911 |
# |
# |
|a Nguyễn Thị Linh Chi
|
| 925 |
# |
# |
|a G
|
| 926 |
# |
# |
|a A
|
| 927 |
# |
# |
|a BB
|
| 980 |
# |
# |
|a Thư viện Trường Đại học Đà Lạt
|